| 000 | 00372nam a22001577a 4500 | ||
|---|---|---|---|
| 003 | OSt | ||
| 005 | 20240313103042.0 | ||
| 008 | 190524b xxu||||| |||| 00| 0 eng d | ||
| 020 | _a 978-8174466778 | ||
| 040 | _cIIMT UNIVERSITY | ||
| 100 | _aPAL KARAN | ||
| 245 | _aMANAGERIAL ECONOMICS | ||
| 260 |
_aNEW DELHI _bEXCEL BOOKS _c2008 |
||
| 300 | _a407 | ||
| 942 |
_2ddc _c02 |
||
| 999 |
_c47880 _d47880 |
||